000 01240naa a22003257a 4500
001 BR7804566
003 BR-BrBNA
005 20240918174130.0
007 ta
008 230509b bl.||||| |||| 00| 0 por d
040 _aBR-BrBNA
_bpor
_cBiblioteca Nacional de Agricultura
041 _a(Pt)
072 _aD50; P20
_b3000
_bG514
090 _aD50 BR7804566
110 1 _aSecretaria Municipal do Meio Ambiente, Porto Alegre, RS (Brasil)
_99163
111 1 _a1. Simposio Nacional de Ecologia
_cCuritiba, PR (Brazil)
_d26 Sep 1978
245 1 _aArvores imunes ao corte na cidade de Porto Alegre [Arvore florestal; Conservacao; Decreto-Lei no. 6269 de 31 de Janeiro de 1978; Brasil]
260 3 _aCuritiba, PR (Brasil):
_c1978.
500 _aAnais do 1. Simposio Nacional de Ecologia Curitiba, PR (Brasil): 1978. v. 2 p. 13-27 (BR7804566-AM)D50
650 _aLegislacao
650 _aRecurso da terra
650 _aArvore florestal
650 _aDecreto-lei
650 _aConservacao
650 _aPorto Alegre
650 _aRio Grande do Sul
773 0 _tAnais do 1. Simposio Nacional de Ecologia
_wD50 BR7804566
_gCuritiba, PR (Brasil), 1978. v. 2 p. 13-27
909 _a202404
_bLucia
_c55
_dLucia Elande
942 _cAM
_2AGRIS
999 _c309108
_d309108